[Event "38th Greek Team Championship"]
[Site "Olympic Boxing Center, Periste"]
[Date "2010.07.05"]
[Round "1.11"]
[White "Ilandzis, Spyridon"]
[Black "Kesaris, Evangelos"]
[Result "1-0"]
[WhiteElo "2200"]
[BlackElo "1896"]
[PlyCount "117"]
[EventDate "2010.07.05"]
[WhiteTeam "OS TRIANDRIAS"]
[BlackTeam "SISK"]

1. b3 e5 2. Bb2 d6 3. e3 Nc6 4. c4 g6 5. Nf3 Bg7 6. Be2 Nge7 7. d4 O-O 8. O-O
h6 9. dxe5 dxe5 10. Nc3 Be6 11. a3 Qxd1 12. Rfxd1 Na5 13. Nd5 Bxd5 14. cxd5
Nxb3 15. Rab1 e4 16. Bxg7 Kxg7 17. Rxb3 exf3 18. Bxf3 Rab8 19. Kf1 Rfd8 20. Rc1
Nxd5 21. Bxd5 Rxd5 22. Rxc7 Ra5 23. Rd3 a6 24. Rdd7 Rf8 25. Rxb7 Rxa3 26. e4
Ra5 27. Ke2 Re5 28. Ke3 Re6 29. f4 h5 30. Rdc7 Ree8 31. Ra7 Ra8 32. Rxf7+ Rxf7
33. Rxa8 Rf6 34. Ra7+ Kf8 35. e5 Rb6 36. g3 h4 37. gxh4 Rb3+ 38. Ke4 Rb4+ 39.
Kf3 Rb2 40. h3 Ra2 41. Kg4 Rg2+ 42. Kf3 Ra2 43. h5 gxh5 44. f5 Rh2 45. Kf4 Rxh3
46. Kg5 Rb3 47. Kf6 Rb8 48. Rxa6 h4 49. Ra4 Kg8 50. Rg4+ Kh8 51. e6 Rf8+ 52.
Ke5 Ra8 53. Rxh4+ Kg7 54. f6+ Kg6 55. Rg4+ Kh5 56. Rg2 Ra5+ 57. Kd6 Ra6+ 58.
Ke7 Ra7+ 59. Kf8 1-0

[Event "38th Greek Team Championship"]
[Site "Olympic Boxing Center, Periste"]
[Date "2010.07.06"]
[Round "2.1"]
[White "Nikolaidis, Ioannis"]
[Black "Kempinski, Robert"]
[Result "1/2-1/2"]
[WhiteElo "2493"]
[BlackElo "2612"]
[PlyCount "60"]
[EventDate "2010.07.05"]
[WhiteTeam "AO KYDON"]
[BlackTeam "FYSIOLATRIS"]

1. d4 Nf6 2. c4 g6 3. Nc3 Bg7 4. e4 O-O 5. Nf3 d6 6. Be2 e5 7. O-O Qe8 8. Re1
exd4 9. Nxd4 Nxe4 10. Nxe4 Qxe4 11. Be3 Qh4 12. Nb5 Qd8 13. Qd2 Nc6 14. Rad1
Be6 15. b3 Qd7 16. Bf3 a6 17. Nc3 Rae8 18. c5 Bg4 19. Bxg4 Qxg4 20. cxd6 cxd6
21. f3 Qb4 22. Nd5 Qxd2 23. Rxd2 Re5 24. Red1 Rc8 25. Kf2 Re6 26. Nf4 Ree8 27.
Rxd6 Nb4 28. R6d2 h5 29. Nd5 Nxd5 30. Rxd5 Rc2+ 1/2-1/2

[Event "38th Greek Team Championship"]
[Site "Olympic Boxing Center, Periste"]
[Date "2010.07.06"]
[Round "2.1"]
[White "Georgiadis, Ioannis"]
[Black "Souleidis, Georgios"]
[Result "1/2-1/2"]
[WhiteElo "2457"]
[BlackElo "2410"]
[PlyCount "200"]
[EventDate "2010.07.05"]
[WhiteTeam "FYSIOLATRIS"]
[BlackTeam "AO KYDON"]

1. e4 g6 2. d4 Bg7 3. Nc3 d6 4. f4 a6 5. Nf3 b5 6. Bd3 Nd7 7. Ne2 c5 8. c3 Bb7
9. O-O Qb6 10. Kh1 Ngf6 11. Ng3 O-O 12. Qe2 e5 13. fxe5 dxe5 14. d5 c4 15. Bc2
Rac8 16. Bg5 h6 17. Be3 Qd8 18. a4 Ne8 19. Qd2 Kh7 20. h3 Nd6 21. Nh2 Qe7 22.
Ng4 h5 23. Nh2 h4 24. Ne2 Nc5 25. Bg5 f6 26. Bxh4 Ndxe4 27. Bxe4 Nxe4 28. Qe3
Bxd5 29. axb5 axb5 30. Rfd1 Bc6 31. Ra7 Rc7 32. Rda1 Rf7 33. Rxc7 Qxc7 34. Nf3
Bh6 35. Qg1 Bb7 36. Bf2 Nxf2+ 37. Qxf2 Rd7 38. h4 Qd8 39. Kh2 Qc7 40. Kh1 Qd8
41. Kh2 Qb8 42. Kh1 Qd6 43. h5 Bxf3 44. hxg6+ Kxg6 45. Qxf3 Qd3 46. Qc6 Bg5 47.
Kg1 Be3+ 48. Kf1 Qf5+ 49. Qf3 Qxf3+ 50. gxf3 Rd2 51. Rb1 f5 52. b3 f4 53. bxc4
bxc4 54. Rb4 Rd1+ 55. Kg2 Re1 56. Rb2 Kg5 57. Ra2 Kh4 58. Rb2 e4 59. Ra2 Rb1
60. Rc2 Rd1 61. Ra2 Rb1 62. Rc2 exf3+ 63. Kxf3 Rf1+ 64. Ke4 Kg4 65. Nxf4 Bxf4
66. Kd4 Kf5 67. Kxc4 Ke4 68. Re2+ Be3 69. Rh2 Rf8 70. Rh4+ Bf4 71. Rh3 Rc8+ 72.
Kb3 Be3 73. Kc2 Bf4 74. Rd3 Be5 75. Rh3 Rg8 76. Kb3 Kd5 77. Rd3+ Kc5 78. Re3
Bd6 79. Rh3 Kd5 80. Rd3+ Ke5 81. Re3+ Kf4 82. Rd3 Be5 83. Rh3 Ke4 84. Kc2 Bf4
85. Rh4 Rf8 86. Rh3 Rd8 87. Rh4 Rg8 88. Rh3 Rg1 89. Rh4 Rf1 90. Rh3 Bg5 91. Rg3
Be3 92. Rg8 Rf2+ 93. Kb3 Bf4 94. Rh8 Rf3 95. Kc2 Be5 96. Rc8 Rg3 97. Rc5 Bd6
98. Rc6 Kd5 99. Rc8 Be5 100. Kb3 Bxc3 1/2-1/2

[Event "38th Greek Team Championship"]
[Site "Olympic Boxing Center, Periste"]
[Date "2010.07.06"]
[Round "2.1"]
[White "Zahariev, Zahari"]
[Black "Goumas, Georgios"]
[Result "1-0"]
[WhiteElo "2387"]
[BlackElo "2298"]
[PlyCount "67"]
[EventDate "2010.07.05"]
[WhiteTeam "AO KYDON"]
[BlackTeam "FYSIOLATRIS"]

1. e4 c5 2. Nf3 d6 3. d4 cxd4 4. Qxd4 a6 5. Be3 Nc6 6. Qd2 Nf6 7. Nc3 e6 8.
O-O-O Be7 9. Bf4 e5 10. Bg5 Bg4 11. Be2 Qa5 12. Kb1 Be6 13. Bxf6 Bxf6 14. Nd5
Bxd5 15. Qxa5 Nxa5 16. Rxd5 Nc6 17. Rxd6 Ke7 18. Rdd1 g5 19. c3 b5 20. Nd2 Rhd8
21. Nf1 Kf8 22. Ne3 Be7 23. Nd5 Bd6 24. h4 Ne7 25. hxg5 Nxd5 26. Rxd5 Kg8 27.
Bg4 Bc7 28. Bf5 Rxd5 29. exd5 Bd8 30. Bxh7+ Kg7 31. Rh5 Be7 32. Be4 Rh8 33.
Rxh8 Kxh8 34. g6 1-0

[Event "38th Greek Team Championship"]
[Site "Olympic Boxing Center, Periste"]
[Date "2010.07.06"]
[Round "2.1"]
[White "Sigalas, Frangiskos"]
[Black "Pavlidis, Anastasios"]
[Result "1/2-1/2"]
[WhiteElo "2276"]
[BlackElo "2359"]
[PlyCount "116"]
[EventDate "2010.07.05"]
[WhiteTeam "FYSIOLATRIS"]
[BlackTeam "AO KYDON"]

1. e4 c5 2. Nf3 d6 3. d4 Nf6 4. Nc3 cxd4 5. Nxd4 a6 6. Bc4 e6 7. Bb3 Nbd7 8.
O-O Nc5 9. Bg5 Be7 10. Re1 O-O 11. f4 h6 12. Bxf6 Bxf6 13. Qd2 b5 14. Rad1 Bb7
15. a3 Qb6 16. Kh1 Nxb3 17. cxb3 Rfd8 18. f5 Re8 19. fxe6 fxe6 20. Rf1 Be5 21.
Nf3 Bxc3 22. bxc3 Bxe4 23. Qxd6 Qxd6 24. Rxd6 Bd5 25. Nd4 Red8 26. Rxd8+ Rxd8
27. Kg1 Rc8 28. Rc1 Kf7 29. Kf2 Kf6 30. b4 Rd8 31. g3 e5 32. Nf3 Bxf3 33. Kxf3
Rd2 34. a4 bxa4 35. Ra1 Rd3+ 36. Ke4 Rxc3 37. Rxa4 Rc6 38. Ra5 Rc4+ 39. Kf3
Rxb4 40. Rxa6+ Kf5 41. h4 Rb3+ 42. Kf2 Ke4 43. Ra4+ Kf5 44. g4+ Ke6 45. Ra7 Rh3
46. Rxg7 Kf6 47. Rh7 Rxh4 48. Kg3 Rh1 49. Kg2 Kg6 50. Re7 Re1 51. Kf2 Re4 52.
Kf3 Rf4+ 53. Kg3 Re4 54. Kf3 Re1 55. Kf2 Kf6 56. Rh7 Rb1 57. Rxh6+ Kg5 58. Ra6
Kxg4 1/2-1/2

[Event "38th Greek Team Championship"]
[Site "Olympic Boxing Center, Periste"]
[Date "2010.07.06"]
[Round "2.1"]
[White "Kouvatsos, Filippos"]
[Black "Kaforos, Dimitrios-Alkis"]
[Result "1-0"]
[WhiteElo "2144"]
[BlackElo "2214"]
[PlyCount "65"]
[EventDate "2010.07.05"]
[WhiteTeam "AO KYDON"]
[BlackTeam "FYSIOLATRIS"]

1. d4 Nf6 2. Nf3 c5 3. d5 e6 4. c4 exd5 5. cxd5 d6 6. e4 g6 7. h3 Bg7 8. Bd3
O-O 9. Nbd2 b5 10. Bxb5 Nxe4 11. O-O Nxd2 12. Nxd2 Qb6 13. Ba4 Bd7 14. Nc4 Qa6
15. Bxd7 Nxd7 16. Qc2 Ne5 17. Nxe5 Bxe5 18. a3 Bh2+ 19. Kxh2 Qxf1 20. Rb1 Rfe8
21. Be3 Qb5 22. Qc3 Re5 23. Bh6 f6 24. f4 Rf5 25. Re1 Re8 26. Re6 Rxe6 27. dxe6
d5 28. g4 d4 29. Qf3 Qxb2+ 30. Kg3 Qc3 31. gxf5 Qe1+ 32. Kh2 Qd2+ 33. Qg2 1-0

[Event "38th Greek Team Championship"]
[Site "Olympic Boxing Center, Periste"]
[Date "2010.07.06"]
[Round "2.1"]
[White "Fatourou, Eleni"]
[Black "Kouvatsou, Maria"]
[Result "0-1"]
[WhiteElo "1896"]
[BlackElo "2185"]
[PlyCount "52"]
[EventDate "2010.07.05"]
[WhiteTeam "FYSIOLATRIS"]
[BlackTeam "AO KYDON"]

1. c4 Nf6 2. g3 c5 3. Bg2 d5 4. cxd5 Nxd5 5. Nc3 Nc7 6. Nf3 Nc6 7. O-O e5 8. d3
Be7 9. Be3 Bd7 10. Rc1 O-O 11. Nd2 Rc8 12. Nd5 Nxd5 13. Bxd5 Bh3 14. Bg2 Bxg2
15. Kxg2 Nd4 16. Bxd4 exd4 17. Qb3 Kh8 18. Nf3 Qd6 19. e3 dxe3 20. fxe3 Bf6 21.
e4 Rc7 22. Rf2 Kg8 23. Rcf1 Rd8 24. e5 Bxe5 25. Nxe5 Qxe5 26. Rxf7 c4 0-1

[Event "38th Greek Team Championship"]
[Site "Olympic Boxing Center, Periste"]
[Date "2010.07.06"]
[Round "2.1"]
[White "Brunello, Marina"]
[Black "Schut, Lisa"]
[Result "1/2-1/2"]
[WhiteElo "2216"]
[BlackElo "2286"]
[PlyCount "85"]
[EventDate "2010.07.05"]
[WhiteTeam "FYSIOLATRIS"]
[BlackTeam "AO KYDON"]

1. e4 c5 2. c3 d5 3. exd5 Qxd5 4. d4 e6 5. Nf3 Nf6 6. Be2 Nc6 7. O-O cxd4 8.
cxd4 Be7 9. Nc3 Qd6 10. Be3 O-O 11. a3 b6 12. Rc1 Bb7 13. Bd3 Rac8 14. Bb1 Na5
15. Ne5 Nc4 16. Nxc4 Rxc4 17. Ba2 Rcc8 18. Qd2 Rfd8 19. Rfd1 Ne4 20. Nxe4 Bxe4
21. f3 Bd5 22. Bf4 Qd7 23. Bb1 Bd6 24. Rxc8 Rxc8 25. Bxd6 Qxd6 26. Rc1 Rxc1+
27. Qxc1 g6 28. Qc3 Qf4 29. Bc2 Kg7 30. Bd1 h5 31. g3 Qf5 32. Kg2 h4 33. Qe3
Kh7 34. h3 hxg3 35. Kxg3 f6 36. h4 Kg7 37. Qc3 g5 38. hxg5 Qxg5+ 39. Kf2 Qf4
40. Be2 Qh4+ 41. Ke3 f5 42. Qc7+ Kg6 43. Qb8 1/2-1/2

[Event "38th Greek Team Championship"]
[Site "Olympic Boxing Center, Periste"]
[Date "2010.07.06"]
[Round "2.1"]
[White "Pavlidou, Ekaterini"]
[Black "Homatidis, Panagiotis"]
[Result "1-0"]
[WhiteElo "2182"]
[BlackElo "2122"]
[PlyCount "47"]
[EventDate "2010.07.05"]
[WhiteTeam "AO KYDON"]
[BlackTeam "FYSIOLATRIS"]

1. d4 e6 2. c4 f5 3. g3 Nf6 4. Bg2 c6 5. Nh3 d5 6. Qc2 Bd6 7. O-O O-O 8. Bf4 b6
9. cxd5 exd5 10. Nd2 Ne4 11. Nf3 c5 12. dxc5 bxc5 13. Rfd1 Bb7 14. Qb3 Qc7 15.
Bxd6 Nxd6 16. Rxd5 c4 17. Qd1 Ne4 18. Nfg5 Qe7 19. Nxe4 fxe4 20. Ng5 Na6 21.
Bxe4 Rad8 22. Bxh7+ Kh8 23. Rxd8 Rxd8 24. Qxd8+ 1-0

[Event "38th Greek Team Championship"]
[Site "Olympic Boxing Center, Periste"]
[Date "2010.07.06"]
[Round "2.1"]
[White "Fragkos, Vasilios"]
[Black "Kazakos, Emmanouil"]
[Result "0-1"]
[WhiteElo "1966"]
[BlackElo "2054"]
[PlyCount "46"]
[EventDate "2010.07.05"]
[WhiteTeam "FYSIOLATRIS"]
[BlackTeam "AO KYDON"]

1. e4 c5 2. Nf3 e6 3. d4 cxd4 4. Nxd4 a6 5. Nc3 Qc7 6. Be3 Nf6 7. Bd3 b5 8. O-O
Bb7 9. a3 d6 10. f4 Nbd7 11. Qf3 Be7 12. Qg3 O-O 13. f5 e5 14. Nf3 Rfe8 15. Kh1
d5 16. exd5 Nxd5 17. Nxd5 Bxd5 18. f6 Nxf6 19. Bh6 Bf8 20. Ng5 Qc6 21. Be2 Kh8
22. Qd3 Bxg2+ 23. Kg1 Bc5+ 0-1

[Event "38th Greek Team Championship"]
[Site "Olympic Boxing Center, Periste"]
[Date "2010.07.06"]
[Round "2.1"]
[White "Hnaras, Foivos"]
[Black "Michelakos, Panagiotis"]
[Result "0-1"]
[WhiteElo "1551"]
[BlackElo "1996"]
[PlyCount "90"]
[EventDate "2010.07.05"]
[WhiteTeam "AO KYDON"]
[BlackTeam "FYSIOLATRIS"]

1. d4 Nf6 2. c4 b6 3. Nc3 Bb7 4. Bg5 e6 5. e3 h6 6. Bh4 Be7 7. Nf3 O-O 8. Bd3
d5 9. O-O Nbd7 10. cxd5 Nxd5 11. Bxe7 Qxe7 12. Rc1 c5 13. Bb5 N7f6 14. Nxd5
exd5 15. b3 Rac8 16. Qe2 c4 17. bxc4 a6 18. Ba4 dxc4 19. Bc2 b5 20. Bf5 Rc7 21.
Ne5 g6 22. Bh3 Rd8 23. Ng4 Kg7 24. Nxf6 Qxf6 25. Bg4 Be4 26. Rfd1 h5 27. Bf3
Bxf3 28. Qxf3 Qxf3 29. gxf3 Kf6 30. Kf1 b4 31. e4 a5 32. d5 Ke5 33. Ke2 Kd6 34.
Rd4 Rdc8 35. f4 f6 36. Rg1 c3 37. Kd1 Rc4 38. Rxc4 Rxc4 39. f3 a4 40. Rxg6 b3
41. axb3 axb3 42. Rxf6+ Kc5 43. Rc6+ Kb5 44. Rxc4 Kxc4 45. d6 Kd3 0-1

[Event "38th Greek Team Championship"]
[Site "Olympic Boxing Center, Periste"]
[Date "2010.07.06"]
[Round "2.1"]
[White "Papadopoulos, Asterios"]
[Black "Kalogeris, Ioannis"]
[Result "0-1"]
[WhiteElo "1632"]
[BlackElo "1853"]
[PlyCount "162"]
[EventDate "2010.07.05"]
[WhiteTeam "FYSIOLATRIS"]
[BlackTeam "AO KYDON"]

1. e4 c5 2. b3 d6 3. Bb2 b6 4. f4 Bb7 5. Nc3 Nc6 6. Bb5 e6 7. Qf3 a6 8. Bxc6+
Bxc6 9. O-O-O Qc7 10. Nge2 O-O-O 11. d4 cxd4 12. Nxd4 Bb7 13. Rd3 Kb8 14. Qe2
Nf6 15. Rhd1 Be7 16. g4 h6 17. h3 b5 18. b4 Nd7 19. a3 Rc8 20. R1d2 Rhd8 21.
Ndxb5 axb5 22. Nxb5 Qc4 23. Nxd6 Bxd6 24. Rxd6 Qxe2 25. Rxe2 Kc7 26. Rd4 f6 27.
Red2 Nb6 28. Rxd8 Rxd8 29. Rxd8 Kxd8 30. e5 f5 31. Bc3 Bc6 32. Bb2 Nd5 33. gxf5
exf5 34. e6 Nxf4 35. Bxg7 Nxh3 36. Bxh6 f4 37. c4 f3 38. Be3 f2 39. Bxf2 Nxf2
40. b5 Ba8 41. b6 Nd3+ 42. Kc2 Nc5 43. Kc3 Bc6 44. Kb4 Nxe6 45. a4 Kc8 46. a5
Kb7 47. c5 Ka6 48. Kc4 Kxa5 49. Kc3 Nxc5 50. Kc4 Kxb6 51. Kd4 Kb5 52. Ke5 Nb7
53. Ke6 Kc5 54. Ke5 Bd5 55. Kf6 Kd4 56. Kf5 Na5 57. Kf4 Be4 58. Kg5 Nc6 59. Kf6
Kd5 60. Kg5 Ke5 61. Kh6 Kf5 62. Kg7 Bd5 63. Kh7 Ne5 64. Kg7 Ng6 65. Kh6 Kf6 66.
Kh7 Be6 67. Kh6 Bg8 68. Kh5 Ne5 69. Kh6 Ng4+ 70. Kh5 Kf5 71. Kh4 Kf4 72. Kh5
Bf7+ 73. Kh4 Bg6 74. Kh3 Ne3 75. Kh4 Ng2+ 76. Kh3 Kf3 77. Kh2 Kf2 78. Kh1 Bf5
79. Kh2 Ne3 80. Kh1 Be6 81. Kh2 Nf1+ 0-1

[Event "38th Greek Team Championship"]
[Site "Olympic Boxing Center, Periste"]
[Date "2010.07.06"]
[Round "2.2"]
[White "Macieja, Bartlomiej"]
[Black "Ninov, Nikolai"]
[Result "1-0"]
[WhiteElo "2639"]
[BlackElo "2512"]
[PlyCount "71"]
[EventDate "2010.07.05"]
[WhiteTeam "PS PERISTERIOU"]
[BlackTeam "SA CHANION"]

1. e4 c5 2. Nc3 Nc6 3. Nf3 g6 4. d4 cxd4 5. Nxd4 Bg7 6. Be3 Nf6 7. Bc4 O-O 8.
Bb3 Qa5 9. f3 d6 10. Qd2 Nxd4 11. Bxd4 Be6 12. O-O-O b5 13. Kb1 b4 14. Ne2 Bxb3
15. cxb3 e5 16. Bf2 d5 17. exd5 Rfd8 18. d6 e4 19. Qf4 g5 20. Qe3 Re8 21. Ng3
Qe5 22. Rd4 Rad8 23. Rhd1 Re6 24. Nxe4 Nxe4 25. Qxe4 Qxh2 26. Qg4 h6 27. Rxb4
Re2 28. Qg3 Rxb2+ 29. Kc1 Qh5 30. Bd4 Rxa2 31. Bxg7 Qg6 32. Bb2 Qe6 33. Qe5
Rc8+ 34. Rc4 Rxc4+ 35. bxc4 Qxc4+ 36. Qc3 1-0

[Event "38th Greek Team Championship"]
[Site "Olympic Boxing Center, Periste"]
[Date "2010.07.06"]
[Round "2.2"]
[White "Vuilleumier, Alexandre"]
[Black "Halkias, Stelios"]
[Result "0-1"]
[WhiteElo "2361"]
[BlackElo "2588"]
[PlyCount "88"]
[EventDate "2010.07.05"]
[WhiteTeam "SA CHANION"]
[BlackTeam "PS PERISTERIOU"]

1. e4 e5 2. Nf3 Nc6 3. d4 exd4 4. Nxd4 Nf6 5. Nxc6 bxc6 6. e5 Qe7 7. Qe2 Nd5 8.
c4 Nb6 9. Nd2 a5 10. Qe4 Na4 11. Be2 g6 12. O-O Bg7 13. Nf3 Nc5 14. Qc2 Ne6 15.
Bd2 O-O 16. Bc3 Bb7 17. Qd2 a4 18. Rad1 Rfd8 19. Ne1 d5 20. cxd5 cxd5 21. f4
Bh6 22. g3 d4 23. Bb4 c5 24. Ba3 Qd7 25. Bf3 c4 26. Qg2 Bxf3 27. Nxf3 Qd5 28.
Be7 a3 29. Bxd8 Rxd8 30. Nd2 Qb5 31. bxa3 c3 32. Ne4 d3 33. Nd6 Qc5+ 34. Kh1 c2
35. Rc1 Qd4 36. Qb7 Rf8 37. Ne4 d2 38. Nxd2 Qxd2 39. Qg2 Qxg2+ 40. Kxg2 Rc8 41.
Kf3 Bf8 42. Ke4 Bxa3 43. Kd3 Rd8+ 44. Kc4 Nd4 0-1

[Event "38th Greek Team Championship"]
[Site "Olympic Boxing Center, Periste"]
[Date "2010.07.06"]
[Round "2.2"]
[White "Banikas, Hristos"]
[Black "Kalaitzoglou, Panayotis"]
[Result "1-0"]
[WhiteElo "2591"]
[BlackElo "2201"]
[PlyCount "101"]
[EventDate "2010.07.05"]
[WhiteTeam "PS PERISTERIOU"]
[BlackTeam "SA CHANION"]

1. d4 d5 2. c4 e6 3. Nc3 Nf6 4. Bg5 Nbd7 5. e3 Be7 6. Qc2 O-O 7. Nf3 c6 8. a3
Re8 9. Rc1 Nf8 10. Bd3 dxc4 11. Bxc4 Nd5 12. Bxe7 Qxe7 13. Ne2 Qf6 14. O-O Qh6
15. g3 Qh5 16. Ne5 Ng6 17. Nxg6 hxg6 18. e4 Nf6 19. Nf4 Qh6 20. f3 e5 21. dxe5
Rxe5 22. Qb3 Re7 23. Rfd1 g5 24. Rd8+ Kh7 25. Ng2 b5 26. Qb4 Rd7 27. Rxd7 Nxd7
28. Be2 a6 29. Qe7 Qf6 30. Qxf6 gxf6 31. Rxc6 Kg7 32. Ne3 Ne5 33. Rd6 Be6 34.
Kf2 Nc4 35. Bxc4 bxc4 36. f4 Rb8 37. Rd2 c3 38. bxc3 Rb3 39. f5 Bc8 40. Nd5
Rxa3 41. Ke3 Ra1 42. c4 a5 43. Nc3 Bb7 44. Kd4 Kf8 45. Rb2 Bc6 46. Rb6 Bd7 47.
Rxf6 Rh1 48. Rd6 Rxh2 49. Nd5 Be8 50. Rd8 f6 51. Ra8 1-0

[Event "38th Greek Team Championship"]
[Site "Olympic Boxing Center, Periste"]
[Date "2010.07.06"]
[Round "2.2"]
[White "Papadopoulou, Vera"]
[Black "Stiri, Alexandra"]
[Result "1-0"]
[WhiteElo "2242"]
[BlackElo "2215"]
[PlyCount "117"]
[EventDate "2010.07.05"]
[WhiteTeam "PS PERISTERIOU"]
[BlackTeam "SA CHANION"]

1. d4 Nf6 2. c4 g6 3. Nc3 Bg7 4. e4 d6 5. Be2 O-O 6. Nf3 c5 7. d5 e6 8. O-O
exd5 9. exd5 Na6 10. h3 Re8 11. Bd3 Bd7 12. Bf4 Nh5 13. Bg5 f6 14. Bd2 f5 15.
Bg5 Qb6 16. Qd2 Nb4 17. Bb1 a5 18. a3 Na6 19. Bd3 Qb3 20. Rae1 Nc7 21. Re7 Rxe7
22. Bxe7 b5 23. Bxd6 bxc4 24. Bb1 Nb5 25. Bxc5 Nxc3 26. bxc3 Bxc3 27. Qa2 Rc8
28. Be7 Qxa2 29. Bxa2 Bb2 30. Bg5 Bxa3 31. Ne5 Bb5 32. Rb1 Bd6 33. Rxb5 Bxe5
34. Rb6 h6 35. Rxg6+ Kf7 36. Rxh6 Nf6 37. d6 Kg7 38. Rh4 c3 39. Be6 Rb8 40.
Bxf5 Bxd6 41. Rc4 Rb5 42. g4 Rc5 43. Rxc5 Bxc5 44. Bc2 Nd5 45. Kf1 Nb4 46. Bb3
Nd3 47. f3 Nb2 48. Ke2 a4 49. Ba2 Bb4 50. Bc1 a3 51. Bxb2 cxb2 52. f4 Be7 53.
Kf3 Bh4 54. g5 Be1 55. Kg4 Bc3 56. h4 Kg6 57. h5+ Kg7 58. f5 Kh7 59. h6 1-0

[Event "38th Greek Team Championship"]
[Site "Olympic Boxing Center, Periste"]
[Date "2010.07.06"]
[Round "2.2"]
[White "Hristodoulaki, Antonia"]
[Black "Iordanidou, Zoi"]
[Result "1-0"]
[WhiteElo "1862"]
[BlackElo "2107"]
[PlyCount "79"]
[EventDate "2010.07.05"]
[WhiteTeam "SA CHANION"]
[BlackTeam "PS PERISTERIOU"]

1. c4 e5 2. a3 c5 3. Nc3 Nc6 4. d3 d6 5. e4 Be7 6. Nge2 f5 7. f4 Nf6 8. g3 O-O
9. Bg2 Be6 10. Nd5 Qd7 11. O-O fxe4 12. dxe4 Bg4 13. Qd3 Nxd5 14. exd5 Nd4 15.
Nxd4 exd4 16. Be4 h6 17. Bd2 Rab8 18. a4 a6 19. a5 b5 20. axb6 Rxb6 21. Bc1
Rfb8 22. Ra3 Bf6 23. Rf2 Re8 24. Bh7+ Kh8 25. Bg6 Re1+ 26. Rf1 Re3 27. Bxe3
dxe3 28. Rb3 Rxb3 29. Qxb3 e2 30. Qb8+ Bd8 31. Re1 Qe7 32. Kg2 Qd7 33. Kf2 Qe7
34. h3 Bd7 35. Rxe2 Qf6 36. Kg2 Bxh3+ 37. Kxh3 Qxg6 38. Qxd8+ Kh7 39. Re8 Qf5+
40. Kh4 1-0

[Event "38th Greek Team Championship"]
[Site "Olympic Boxing Center, Periste"]
[Date "2010.07.06"]
[Round "2.2"]
[White "Fragkou, Eleni"]
[Black "Tsarouha, Marianthi"]
[Result "1-0"]
[WhiteElo "1896"]
[BlackElo "1764"]
[PlyCount "69"]
[EventDate "2010.07.05"]
[WhiteTeam "PS PERISTERIOU"]
[BlackTeam "SA CHANION"]

1. d4 d5 2. Nf3 Nf6 3. e3 c5 4. c3 Bg4 5. h3 Bxf3 6. Qxf3 e6 7. Nd2 Nc6 8. Bd3
cxd4 9. exd4 Bd6 10. O-O O-O 11. Nb3 Re8 12. Bg5 h6 13. Bh4 Bc7 14. Nc5 Rb8 15.
Bb5 Qd6 16. Bg3 Qe7 17. Bxc6 bxc6 18. Bxc7 Qxc7 19. Na6 Qa5 20. Nxb8 Rxb8 21.
Qe2 Ne4 22. Rfd1 Qb6 23. Rab1 a5 24. f3 Nd6 25. b3 c5 26. Qf2 cxd4 27. Qxd4 Qc7
28. c4 Nf5 29. Qd3 Qc5+ 30. Kh1 Ng3+ 31. Kh2 Qd6 32. f4 Ne4 33. Qxe4 g5 34.
cxd5 gxf4 35. dxe6 1-0

[Event "38th Greek Team Championship"]
[Site "Olympic Boxing Center, Periste"]
[Date "2010.07.06"]
[Round "2.2"]
[White "Liodakis, Konstantinos"]
[Black "Filippas, Sebastian"]
[Result "0-1"]
[WhiteElo "1909"]
[BlackElo "2208"]
[PlyCount "102"]
[EventDate "2010.07.05"]
[WhiteTeam "SA CHANION"]
[BlackTeam "PS PERISTERIOU"]

1. c4 c5 2. Nf3 Nc6 3. Nc3 Nf6 4. d4 cxd4 5. Nxd4 e6 6. Nxc6 bxc6 7. e4 Bb4 8.
Qc2 O-O 9. Bd3 e5 10. O-O d6 11. a3 Bc5 12. Bg5 h6 13. Bh4 g5 14. Bg3 h5 15.
Qd2 Nh7 16. h3 Qf6 17. Rae1 a5 18. Na4 Bd4 19. c5 h4 20. Bh2 dxc5 21. Bc4 Rb8
22. Qe2 Qg6 23. Kh1 Nf6 24. f3 Nh5 25. Rc1 Kg7 26. Rfd1 Ng3+ 27. Bxg3 hxg3 28.
Rxd4 cxd4 29. Qe1 Qf6 30. Qxg3 Qf4 31. Qxf4 gxf4 32. b3 Rd8 33. Nc5 Kf6 34. Kg1
Ke7 35. Nd3 Kf6 36. Kf1 Be6 37. Bxe6 fxe6 38. Rb1 Rb5 39. a4 Rb7 40. Ke2 c5 41.
Nxc5 Rc7 42. Rc1 Ke7 43. Nd3 Rxc1 44. Nxc1 Rg8 45. Nd3 Kd6 46. Kf1 Rb8 47. Nb2
Rxb3 48. Nc4+ Kc5 49. Nxe5 d3 50. Kf2 Rb2+ 51. Ke1 Kd4 0-1

[Event "38th Greek Team Championship"]
[Site "Olympic Boxing Center, Periste"]
[Date "2010.07.06"]
[Round "2.2"]
[White "Bellos, Ioannis"]
[Black "Papadogiannis, Sevastianos"]
[Result "0-1"]
[WhiteElo "1859"]
[BlackElo "1946"]
[PlyCount "84"]
[EventDate "2010.07.05"]
[WhiteTeam "PS PERISTERIOU"]
[BlackTeam "SA CHANION"]

1. e4 g6 2. d4 c6 3. Nc3 d5 4. e5 h5 5. Nf3 Nh6 6. Be2 Bg4 7. O-O Nf5 8. h3
Bxf3 9. Bxf3 Na6 10. Be3 Qd7 11. Qd2 Bg7 12. Rfe1 Nc7 13. Rad1 Ne6 14. b3 O-O-O
15. Na4 Nxe3 16. Qxe3 g5 17. b4 Kb8 18. Rb1 b5 19. Nc3 g4 20. hxg4 Bh6 21. Qd3
Nf4 22. Qd1 Rdg8 23. e6 Nxe6 24. Kf1 hxg4 25. Bxg4 Rxg4 26. Qxg4 Bd2 27. Rxe6
Bxc3 28. Rb3 Rh1+ 29. Ke2 Re1+ 30. Kd3 Rxe6 31. Qg3+ Kb7 32. Rxc3 Rf6 33. Kd2
Rg6 34. Qf3 Qd6 35. a3 Rf6 36. Qe3 Re6 37. Qf3 Re4 38. Rd3 Qh6+ 39. Kc3 Qc1 40.
Kb3 Qb1+ 41. Kc3 Qa1+ 42. Kd2 Qe1# 0-1

[Event "38th Greek Team Championship"]
[Site "Olympic Boxing Center, Periste"]
[Date "2010.07.06"]
[Round "2.2"]
[White "Naoum, Spyridon"]
[Black "Stathopoulos, Ioannis"]
[Result "1-0"]
[WhiteElo "1884"]
[BlackElo "2004"]
[PlyCount "95"]
[EventDate "2010.07.05"]
[WhiteTeam "SA CHANION"]
[BlackTeam "PS PERISTERIOU"]

1. d4 Nf6 2. c4 g6 3. Nc3 Bg7 4. e4 d6 5. Be2 O-O 6. Nf3 e5 7. O-O Nc6 8. d5
Ne7 9. b4 Nh5 10. Re1 f5 11. Ng5 Nf4 12. Bf3 h6 13. Ne6 Nxe6 14. dxe6 c6 15.
Ba3 Qc7 16. Rc1 f4 17. b5 Rd8 18. Bg4 h5 19. Bh3 Bh6 20. Qb3 c5 21. Nd5 Nxd5
22. exd5 b6 23. Bb2 Rf8 24. Qd3 Qg7 25. Bxe5 dxe5 26. d6 f3 27. Rcd1 Qf6 28.
Qd5 Kh8 29. g3 Rb8 30. d7 Bxd7 31. exd7 Bg7 32. Qc6 Qg5 33. Rd6 Kh7 34. Qe4
Rbd8 35. Kf1 Rf6 36. Rxf6 Qxf6 37. Re3 Qd6 38. Rd3 Qe7 39. Rxf3 Bf6 40. Qc6 Kg7
41. Rd3 e4 42. Re3 Bd4 43. Qxe4 Qf7 44. Re2 Kh6 45. Qe7 Qf3 46. Bg2 Qf8 47.
Qxf8+ Rxf8 48. Re8 1-0

[Event "38th Greek Team Championship"]
[Site "Olympic Boxing Center, Periste"]
[Date "2010.07.06"]
[Round "2.3"]
[White "Kapnisis, Spyridon"]
[Black "Navara, David"]
[Result "0-1"]
[WhiteElo "2514"]
[BlackElo "2731"]
[PlyCount "56"]
[EventDate "2010.07.05"]
[WhiteTeam "SAS KOROPIOU"]
[BlackTeam "OS TRIANDRIAS"]

1. e4 e5 2. Nf3 Nc6 3. Bb5 Nf6 4. d3 d6 5. h3 g6 6. Bg5 h6 7. Be3 a6 8. Ba4 b5
9. Bb3 Na5 10. Qd2 c5 11. c3 Bb7 12. Bd1 Bg7 13. b4 cxb4 14. cxb4 Nc6 15. Bb3
d5 16. exd5 Ne7 17. Nxe5 Nfxd5 18. d4 Nf5 19. O-O O-O 20. Ng4 Ndxe3 21. fxe3
Nxe3 22. Nxe3 Qxd4 23. Kh1 Qxa1 24. Qd7 Qe5 25. Rxf7 Rxf7 26. Bxf7+ Kh7 27. Ng4
Qe4 28. Bd5 Qxb1+ 0-1